Estadísticas para Países con el Mayor Número de Turistas per Cápita

Haz click aquí para intentar la prueba.

Estadísticas generales

  • Esta prueba ha sido intentada 2.634 veces
    (2.128 desde el último reinicio)
  • La puntuación promedio es 11 de 20

Estadísticas de respuestas

ProporciónPaís% Correcto
1.63España
96%
1.28Francia
95%
0.88Italia
91%
> 5,000Vaticano
76%
2.21Grecia
72%
8.73Mónaco
71%
1.10Portugal
67%
36.6Andorra
65%
0.93Países Bajos
65%
0.66Bélgica
62%
3.32Austria
57%
4.58Malta
56%
3.28Croacia
49%
1.14República Checa
46%
3.78Bahamas
42%
1.56Hungría
40%
5.39Islandia
39%
3.22Seychelles
28%
0.86Malasia
19%
6.42Palaos
10%

Distribución de puntuación

Porcentaje por número respondido

Porcentaje de gente con cada puntuación

Historial de tus puntuaciones

No has intentado esta prueba desde el último reinicio